000 00748nam a2200241Ia 4500
003 OSt
005 20220918200351.0
006 a|||||r|||| 00| 0
007 ta
008 220917b |||||||| |||| 00| 0 eng d
024 _a88,520
037 _cTextual
040 _aARTS
_cARTS
_beng
041 _2eng
_aeng
082 _aT4v73.N7, L3
100 _aStorr Richard
_993846
245 0 _aBeginning of the future
_b a historical approach to graduate education in the arts and science
260 _aN.Y
_bMcgrw Hill
_c1973
490 _aCarnegie commission on higher education : sponsered reserahc studies; 14
650 _aHIGHER EDUCATION
942 _hT4v73.N7, L3
_cTEXL
_2CC
999 _c212208
_d212208